Traité de nutrition clinique de l'adulte (Record no. 51603)

MARC details
000 -LEADER
fixed length control field 00659nam a22002057a 4500
003 - CONTROL NUMBER IDENTIFIER
control field 0
005 - DATE AND TIME OF LATEST TRANSACTION
control field 20160609171818.0
008 - FIXED-LENGTH DATA ELEMENTS--GENERAL INFORMATION
fixed length control field 130627t xxu||||| |||| 00| 0 eng d
020 ## - NUMERO INTERNATIONAL NORMALISE DES LIVRES
International Standard Book Number 2257132831
040 ## - SOURCE DU CATALOGAGE
Original cataloging agency BUAC
Language of cataloging Fre
Transcribing agency BFSS
100 ## - VEDETTE PRINCIPALE - NOM DE PERSONNE
Personal name Basdevant, Arnaud
9 (RLIN) 24863
245 ## - TITLE STATEMENT
Title Traité de nutrition clinique de l'adulte
Statement of responsibility, etc /par: Arnaud Basdevant; Martine Laville; Eric Lerebours
260 ## - PUBLICATION, DISTRIBUTION, ETC. (IMPRINT)
Place of publication, distribution, etc Paris
Name of publisher, distributor, etc Flammarion médecine-sciences
Date of publication, distribution, etc 2001
300 ## - PHYSICAL DESCRIPTION
Extent 723p.
Other physical details ill., tabl., fig.
Dimensions 28cm
440 ## - SERIES STATEMENT/ADDED ENTRY--TITLE
Title (Traités)
9 (RLIN) 24864
504 ## - BIBLIOGRAPHY, ETC. NOTE
Bibliography, etc Notes bibliogr. Index
653 ## - INDEX TERM--UNCONTROLLED
Uncontrolled term Nutrition: adulte
700 ## - ADDED ENTRY--PERSONAL NAME
Personal name Laville, Martine; Lerebours, Eric
9 (RLIN) 24865
942 ## - ADDED ENTRY ELEMENTS (KOHA)
Koha item type Livre
Holdings
Withdrawn status Lost status Damaged status Not for loan Location (home branch) Sublocation or collection (holding branch) Date acquired Source of acquisition Koha issues (times borrowed) Koha full call number Piece designation (barcode) Koha date last seen Copy number Price effective from Koha item type
        Bibliothèque Faculté des Sciences de la Santé Bibliothèque Faculté des Sciences de la Santé   Achat   WB 400 BAS 9767BFSS 27/06/2013 1 27/06/2013 Livre
        Bibliothèque Faculté des Sciences de la Santé Bibliothèque Faculté des Sciences de la Santé   Achat   WB 400 BAS 9768BFSS 27/06/2013 2 27/06/2013 Livre
        Bibliothèque Faculté des Sciences de la Santé Bibliothèque Faculté des Sciences de la Santé   Achat   WB 400 BAS 9769BFSS 27/06/2013 3 27/06/2013 Livre
        Bibliothèque Faculté des Sciences de la Santé Bibliothèque Faculté des Sciences de la Santé   Achat   WB 400 BAS 9765BFSS 27/06/2013 4 27/06/2013 Livre


© 2008, Bibliothèques de l'Université d'Abomey-Calavi

04 BP 789 Cotonou, Tél. : +229 21 36 01 01, Fax : +229 21 35 06 32

Courriel : bu@bu.uac.bj